| 000 | 00620nam a2200205Ia 4500 | ||
|---|---|---|---|
| 003 | GCL | ||
| 008 | 140319s9999 xx 000 0 ara d | ||
| 040 |
_aGCL / _cGCL |
||
| 082 | 0 | 4 |
_aق _b962.06 _bا ا |
| 100 | 1 | _aابراهيم سطوحى | |
| 245 | 1 | 0 |
_aانشقاق الثوار : صراع ضباط ثورة 23 يوليو / _cابراهيم سطوحى |
| 260 |
_a[S.N] : _bالزهراء للاعلام العربى ، _c1990 |
||
| 300 | _a183 ص | ||
| 490 | _a | ||
| 650 | 0 | 4 | _aالعصر الحديث |
| 650 | 0 | 4 | _aمصر |
| 650 | 0 | 4 | _aتاريخ |
| 650 | 0 | 4 | _aثورة 23 يوليو 1952 |
| 942 |
_2ddc _cBK |
||
| 999 |
_c58007 _d58007 |
||